| 000 | 00593pab a2200205 454500 | ||
|---|---|---|---|
| 008 | 180718b2001 xxu||||| |||| 00| 0 eng d | ||
| 100 | _aPaul, Jagdish Chandra | ||
| 245 | _aOn farm water management: for sustainable agriculture and improved environment | ||
| 260 | _c2001 | ||
| 300 | _ap.46-48 | ||
| 362 | _aApr | ||
| 650 | _aEnvironment - India | ||
| 650 | _aAgriculture - India | ||
| 650 | _aSustainable agriculture - India | ||
| 650 | _aWater resources management - India | ||
| 650 | _aWater resources management | ||
| 700 | _aSharma, S.D. | ||
| 773 | _aYojana | ||
| 909 | _a48238 | ||
| 999 |
_c48238 _d48238 |
||